Rozsypanki wyrazowe - Bałkany - Statystyki

Ogólne statystyki
  • Ten quiz został rozwiązany 95 razy
  • Średni wynik to 12 z 12
Statystyki odpowiedzi
Hint Odpowiedź % Poprawnych
R B A Ł U A G I Bułgaria
100%
T A R U C J Turcja
100%
W A O R J C A H C Chorwacja
99%
O W O S K O Kosowo
99%
O N A P N M Ó Ł C D E A N I C A O Północna Macedonia
99%
A B A N A L I Albania
98%
E J G R A C Grecja
98%
A E S B I R Serbia
98%
O B A I N C Ś E I O R E W G H I A N Bośnia i Hercegowina
95%
U A R M N I U Rumunia
95%
O E S A W Ł N I Słowenia
95%
N O Ó Z R A R A G C Czarnogóra
94%
Nie znaleziono quizów pasujących do podanych kryteriów
Rozkład punktacji
Procent ludzi z każdym wynikiem
Percentyl według liczby udzielonych odpowiedzi
Twoja historia wyników
Nie rozwiązałeś tego quizu